Jaki to stan? - Statystyki

Ogólne statystyki
  • Ten quiz został rozwiązany 262 razy
  • Średni wynik to 27 z 50
Statystyki odpowiedzi
Obrazkowy Odpowiedź % Poprawnych
Kalifornia
96%
Teksas
83%
Alaska
81%
Nevada
81%
Waszyngton
78%
Floryda
76%
Nowy Meksyk
72%
Hawaje
69%
Oregon
64%
Utah
64%
Maine
61%
Arizona
59%
Dakota Północna
58%
Dakota Południowa
58%
Michigan
57%
Luizjana
56%
Nowy Jork
56%
Rhode Island
56%
Montana
55%
Alabama
53%
Karolina Północna
53%
Karolina Południowa
53%
Wyoming
53%
Tennessee
52%
Wirginia
52%
Kolorado
50%
Pensylwania
50%
Georgia
49%
Kentucky
49%
Oklahoma
49%
Idaho
48%
Illinois
47%
Ohio
47%
Wisconsin
47%
New Jersey
45%
Wirginia Zachodnia
45%
Indiana
44%
Vermont
44%
New Hampshire
43%
Kansas
42%
Arkansas
41%
Missisipi
41%
Nebraska
41%
Maryland
40%
Minnesota
40%
Iowa
39%
Massachusetts
39%
Missouri
39%
Connecticut
38%
Delaware
37%
Nie znaleziono quizów pasujących do podanych kryteriów
Rozkład punktacji
Procent ludzi z każdym wynikiem
Percentyl według liczby udzielonych odpowiedzi
Twoja historia wyników
Nie rozwiązałeś tego quizu